[Event "FIDE Online Olympiad"]
[Site "Chess.com"]
[Date "2020.08.23"]
[EventDate "2020.08.21"]
[Round "7"]
[Result "1-0"]
[White "Rauf Mamedov"]
[Black "Alexey Shirov"]
[WhiteElo "2691"]
[BlackElo "2629"]
[Source "Chess-Results"]
[PlyCount "117"]

1. e4 e5 2. Nc3 Nf6 3. Nf3 Nc6 4. Bb5 Nd4 5. O-O Nxb5 6. Nxb5
c6 7. Nc3 Qc7 8. d4 d6 9. Bg5 Be7 10. h3 b5 11. Qd3 b4 12. Nd1
a5 13. Re1 Ba6 14. Qd2 O-O 15. a3 Rfb8 16. axb4 axb4 17. Bxf6
Bxf6 18. Ne3 h5 19. dxe5 dxe5 20. Ra4 Be7 21. Nf5 Bc8
22. Nxe7+ Qxe7 23. Rxa8 Rxa8 24. Rd1 f6 25. Nh4 Be6 26. Qd6
Qxd6 27. Rxd6 Kf7 28. Rxc6 Ra1+ 29. Kh2 Re1 30. Rc7+ Kg8
31. f3 Rc1 32. Re7 Bf7 33. Rb7 Rxc2 34. Rxb4 Be6 35. Rb6 Kf7
36. Rb7+ Kg8 37. b4 g5 38. Nf5 Bxf5 39. exf5 h4 40. b5 Rc1
41. b6 Rb1 42. Rb8+ Kg7 43. b7 Rb6 44. Kg1 Rb2 45. Kf1 Rb6
46. Ke2 Rb1 47. Kd3 Rd1+ 48. Kc4 Rc1+ 49. Kd3 Rb1 50. Kc4 Rc1+
51. Kd5 Rb1 52. Kd6 Rd1+ 53. Ke6 Rb1 54. Rd8 Rxb7 55. Rd7+
Rxd7 56. Kxd7 g4 57. hxg4 Kh6 58. Ke7 Kg5 59. Ke6 1-0

[Event "FIDE Online Olympiad"]
[Site "Chess.com"]
[Date "2020.08.23"]
[EventDate "2020.08.21"]
[Round "7"]
[Result "1-0"]
[White "Frode Olav Olsen Urkedal"]
[Black "Marc Andria Maurizzi"]
[WhiteElo "2491"]
[BlackElo "2186"]
[Source "Chess-Results"]
[PlyCount "61"]

1. d4 Nf6 2. c4 e6 3. Nf3 b6 4. g3 Bb4+ 5. Bd2 Bxd2+ 6. Qxd2
Ba6 7. Qc2 O-O 8. Bg2 d5 9. cxd5 exd5 10. O-O Re8 11. Nc3 c5
12. Rfd1 Nc6 13. dxc5 bxc5 14. e3 Qb6 15. Na4 Qa5 16. Nxc5 Nb4
17. Qc3 Rac8 18. a3 Qxc5 19. Qxc5 Rxc5 20. axb4 Rc6 21. Nd4
Rb6 22. Ra5 Reb8 23. Rda1 Bd3 24. Rxa7 h5 25. R1a3 Bc4 26. h3
Ne4 27. Rc7 Rxb4 28. Raa7 Nd6 29. Nc6 Nb5 30. Nxb4 Nxa7
31. Nxd5 1-0

[Event "FIDE Online Olympiad"]
[Site "Chess.com"]
[Date "2020.08.23"]
[EventDate "2020.08.21"]
[Round "7"]
[Result "1-0"]
[White "Timothe Razafindratsima"]
[Black "Eirik T Gullaksen"]
[WhiteElo "2199"]
[BlackElo "2335"]
[Source "Chess-Results"]
[PlyCount "93"]

1. e4 c5 2. Nf3 Nc6 3. d4 cxd4 4. Nxd4 e5 5. Nb5 d6 6. c4 Be7
7. N5c3 Be6 8. Nd5 Nf6 9. Nbc3 O-O 10. Bd3 Rc8 11. O-O Nd7
12. Be3 a6 13. Qd2 h6 14. g3 Bh3 15. Rfd1 Bg5 16. f4 exf4
17. gxf4 Bh4 18. Qe2 f5 19. exf5 Qe8 20. Qf3 Bxf5 21. Bxf5
Rxf5 22. Qg4 Qh5 23. Qxh5 Rxh5 24. Ne4 Na5 25. Nxd6 Rc6
26. Nb4 Rc7 27. b3 Nf6 28. Bb6 Rd7 29. c5 Nc6 30. Nxc6 bxc6
31. Nc4 Nd5 32. Ne5 Rb7 33. Rxd5 cxd5 34. c6 Rb8 35. c7 Rc8
36. Nc6 Rf5 37. Na7 Rxc7 38. Bxc7 Rf7 39. Rc1 Bf6 40. Nc8 Kh7
41. Be5 Bd8 42. Rd1 Rd7 43. Nd6 d4 44. Kg2 Bb6 45. Kf3 Bc5
46. Ke4 Bxd6 47. Rxd4 1-0

[Event "FIDE Online Olympiad"]
[Site "Chess.com"]
[Date "2020.08.23"]
[EventDate "2020.08.21"]
[Round "7"]
[Result "1-0"]
[White "Marie Sebag"]
[Black "Olga Dolzhikova"]
[WhiteElo "2413"]
[BlackElo "2109"]
[Source "Chess-Results"]
[PlyCount "87"]

1. e4 g6 2. d4 Bg7 3. Nc3 c5 4. dxc5 Bxc3+ 5. bxc3 Nf6 6. Bd3
Qa5 7. Nf3 Qxc3+ 8. Bd2 Qxc5 9. O-O d6 10. Rb1 Nbd7 11. Re1
Ng4 12. Qe2 Nge5 13. Nxe5 Nxe5 14. Bb5+ Kf8 15. Bh6+ Kg8
16. Be3 Qc7 17. Bd4 f6 18. f4 Bg4 19. Qf2 Nc6 20. Bxc6 bxc6
21. f5 g5 22. Rb3 c5 23. Bc3 Kg7 24. Qg3 Bh5 25. Qxg5+ Bg6
26. fxg6 hxg6 27. Qg3 Qc6 28. Qf4 Rh5 29. Reb1 Rc8 30. h3 Rc7
31. Kh2 e5 32. Qg4 Rg5 33. Qf3 Rh5 34. Be1 Rf7 35. Rd1 Qa6
36. Rbd3 Qxa2 37. Rxd6 Qxc2 38. Rd7 Qa2 39. Bf2 Qc4 40. Rxf7+
Qxf7 41. Bxc5 Rh8 42. Ra1 Ra8 43. Ra6 f5 44. exf5 1-0

[Event "FIDE Online Olympiad"]
[Site "Chess.com"]
[Date "2020.08.23"]
[EventDate "2020.08.21"]
[Round "7"]
[Result "1-0"]
[White "Johannes Haug"]
[Black "Theo Bressy"]
[WhiteElo "2216"]
[BlackElo "2180"]
[Source "Chess-Results"]
[PlyCount "127"]

1. e4 e6 2. d4 d5 3. Nc3 Nf6 4. e5 Nfd7 5. f4 c5 6. Nf3 Nc6
7. Be3 a6 8. Qd2 b5 9. Nd1 g5 10. dxc5 gxf4 11. Bxf4 Bxc5
12. Ne3 f6 13. Ng4 fxe5 14. Ngxe5 Ndxe5 15. Nxe5 Nxe5 16. Bxe5
Qh4+ 17. Bg3 Qe4+ 18. Qe2 Qxe2+ 19. Bxe2 Bd4 20. O-O-O Bf6
21. Bh5+ Ke7 22. Rhe1 Rd8 23. Rd3 Ra7 24. Rf3 Rf8 25. Ref1
Bg5+ 26. Kd1 Rxf3 27. Rxf3 Bf6 28. Bh4 Bxh4 29. Rf7+ Kd6
30. Rxa7 Be7 31. Be2 e5 32. a4 bxa4 33. Bxa6 Bd7 34. Be2 e4
35. Ra5 Bf6 36. c3 Bd8 37. Ra8 Bf6 38. Ra6+ Ke7 39. Ra7 Kd6
40. Rb7 a3 41. Rb6+ Ke7 42. Rxf6 Ba4+ 43. Kd2 Kxf6 44. bxa3
Ke5 45. Bd1 Bc6 46. Ke3 h6 47. g3 Bd7 48. a4 Bc8 49. Be2 Bb7
50. h4 Bc8 51. a5 Bd7 52. a6 Bc6 53. g4 Bd7 54. a7 Bc6 55. Bd1
Ba8 56. Be2 Bc6 57. Bf1 Ba8 58. Bh3 Bc6 59. g5 hxg5 60. hxg5
Ba8 61. g6 Kf6 62. Bf5 Bc6 63. c4 Ba8 64. cxd5 1-0

[Event "FIDE Online Olympiad"]
[Site "Chess.com"]
[Date "2020.08.23"]
[EventDate "2020.08.21"]
[Round "7"]
[Result "1-0"]
[White "Florence Rollot"]
[Black "Thyra Kvendseth"]
[WhiteElo "1944"]
[BlackElo "1810"]
[Source "Chess-Results"]
[PlyCount "111"]

1. Nf3 Nf6 2. c4 g6 3. Nc3 Bg7 4. g3 O-O 5. Bg2 c5 6. O-O Nc6
7. d4 cxd4 8. Nxd4 a6 9. c5 Qc7 10. Nb3 Rb8 11. Bf4 e5 12. Bg5
Ne7 13. Ne4 Nxe4 14. Bxe4 Nc6 15. Rc1 f6 16. Be3 Kh8 17. a3 f5
18. Bg2 Qd8 19. Qd3 Qf6 20. Bd2 Rd8 21. Qd6 Qxd6 22. cxd6 Re8
23. Bg5 Re6 24. Rfd1 Bf8 25. Nc5 Rxd6 26. Rxd6 Bxd6 27. Bd5
Kg7 28. Nb3 Be7 29. Be3 b5 30. Bxc6 dxc6 31. Rxc6 Kf7 32. Rc7
Be6 33. Nc5 Bc4 34. Nxa6 Rd8 35. Nb4 Ke8 36. Rxe7+ Kxe7
37. Bg5+ Kd7 38. Bxd8 Kxd8 39. e3 Kc7 40. Kg2 e4 41. h3 Kb6
42. g4 Ka5 43. gxf5 gxf5 44. Nc6+ Ka4 45. Nd4 Bf7 46. Kg3 b4
47. axb4 Kxb4 48. Kf4 Bg6 49. Nxf5 Kb3 50. Kxe4 Kxb2 51. f4
Kc3 52. Ke5 Kc4 53. e4 Kc5 54. Kf6 Kc6 55. Ne7+ Kd7 56. Nxg6
1-0

[Event "FIDE Online Olympiad"]
[Site "Chess.com"]
[Date "2020.08.23"]
[EventDate "2020.08.21"]
[Round "8"]
[Result "1-0"]
[White "Jorden van Foreest"]
[Black "Marc Andria Maurizzi"]
[WhiteElo "2543"]
[BlackElo "2186"]
[Source "Chess-Results"]
[PlyCount "47"]

1. e4 c5 2. c3 d5 3. exd5 Qxd5 4. d4 Nc6 5. Nf3 Bf5 6. Be3 Nf6
7. Na3 cxd4 8. Nb5 O-O-O 9. Nfxd4 Nxd4 10. Qxd4 Qxd4 11. Nxd4
Be4 12. f3 Bd5 13. c4 e5 14. Nb5 Bb4+ 15. Kf2 Be6 16. Nxa7+
Kb8 17. Nb5 Nd7 18. Be2 f5 19. Rhd1 f4 20. Ba7+ Kc8 21. c5 Nb8
22. Nd6+ Kc7 23. Bb6+ Kc6 24. Bb5# 1-0

[Event "FIDE Online Olympiad"]
[Site "Chess.com"]
[Date "2020.08.23"]
[EventDate "2020.08.21"]
[Round "8"]
[Result "1-0"]
[White "Liam Vrolijk"]
[Black "Theo Bressy"]
[WhiteElo "2470"]
[BlackElo "2180"]
[Source "Chess-Results"]
[PlyCount "55"]

1. c4 g6 2. d4 Bg7 3. e4 c5 4. Nf3 cxd4 5. Nxd4 Nc6 6. Be3 Qb6
7. Nb3 Qd8 8. Qd2 d6 9. Nc3 Nf6 10. Be2 Ne5 11. f3 O-O 12. O-O
Be6 13. Nd5 Nfd7 14. Nd4 Bxd5 15. exd5 Nb6 16. Rac1 a5 17. f4
Ned7 18. b3 Nc5 19. Rfe1 Nbd7 20. Bf3 Nf6 21. Bf2 Re8 22. Rb1
Rc8 23. Kh1 Na6 24. g4 Nd7 25. g5 Nf8 26. Bg4 Ra8 27. Nb5 Nc7
28. Bb6 1-0

[Event "FIDE Online Olympiad"]
[Site "Chess.com"]
[Date "2020.08.23"]
[EventDate "2020.08.21"]
[Round "8"]
[Result "1-0"]
[White "Gulnar Mammadova"]
[Black "Monika Machlik"]
[WhiteElo "2400"]
[BlackElo "1992"]
[Source "Chess-Results"]
[PlyCount "81"]

1. e4 c6 2. d4 d5 3. e5 Bf5 4. Nd2 e6 5. Nb3 c5 6. dxc5 Bxc5
7. Nxc5 Qa5+ 8. c3 Qxc5 9. Be3 Qc7 10. f4 Nc6 11. Nf3 Nge7
12. Be2 Bg4 13. O-O O-O 14. Bd3 Bf5 15. Be2 Bg4 16. Nd4 Bxe2
17. Qxe2 Nxd4 18. Bxd4 Nf5 19. Bf2 Qc4 20. Qxc4 dxc4 21. Rad1
Rfd8 22. g4 Ne7 23. Rxd8+ Rxd8 24. Bxa7 Rd2 25. Rf2 Rd1+
26. Kg2 Nd5 27. Bd4 Kf8 28. f5 Ke7 29. b3 cxb3 30. axb3 Rd3
31. Rf3 Rd2+ 32. Bf2 Kd7 33. Kg3 Rd1 34. Bc5 b6 35. Bf8 g6
36. fxg6 hxg6 37. c4 Nc7 38. Bd6 f5 39. exf6 Kxd6 40. f7 Rg1+
41. Kf2 1-0

[Event "FIDE Online Olympiad"]
[Site "Chess.com"]
[Date "2020.08.23"]
[EventDate "2020.08.21"]
[Round "8"]
[Result "1-0"]
[White "Vugar Asadli"]
[Black "Johannes Haug"]
[WhiteElo "2309"]
[BlackElo "2216"]
[Source "Chess-Results"]
[PlyCount "87"]

1. e4 e6 2. d4 d5 3. Nd2 c5 4. Ngf3 cxd4 5. Nxd4 Nf6 6. exd5
Qxd5 7. Nb5 Na6 8. Nc3 Qd6 9. a3 Bd7 10. Be2 Bc6 11. O-O Rd8
12. Bf3 Be7 13. Qe2 Bxf3 14. Qxf3 Qc6 15. Qxc6+ bxc6 16. Nc4
Nd5 17. Na4 f6 18. Na5 Rc8 19. c4 Nb6 20. Nc3 e5 21. Be3 Kf7
22. b4 f5 23. Rfd1 Ke6 24. f4 e4 25. c5 Nd7 26. Ne2 Nf6
27. Nd4+ Kf7 28. Ndxc6 Ng4 29. Bd4 Bf6 30. h3 Bxd4+ 31. Rxd4
Nf6 32. Ne5+ Ke7 33. Rad1 Nb8 34. Kf2 Rhg8 35. h4 h6 36. Nac4
g5 37. Nd6 Rcf8 38. Nxf5+ Ke6 39. Nxh6 gxf4 40. Nxg8 Rxg8
41. Nc4 Kf5 42. Nd6+ Ke5 43. Nf7+ Kf5 44. Nh6+ 1-0

[Event "FIDE Online Olympiad"]
[Site "Chess.com"]
[Date "2020.08.23"]
[EventDate "2020.08.21"]
[Round "8"]
[Result "1-0"]
[White "Alexey Shirov"]
[Black "Imre Balog"]
[WhiteElo "2629"]
[BlackElo "2626"]
[Source "Chess-Results"]
[PlyCount "131"]

1. e4 e6 2. d4 d5 3. e5 c5 4. c3 Bd7 5. Nf3 Qb6 6. a3 Bb5
7. b4 cxd4 8. Bxb5+ Qxb5 9. cxd4 a5 10. Nc3 Qc4 11. Bd2 Nh6
12. Qa4+ Nc6 13. Rc1 Kd7 14. b5 Ne7 15. Bxh6 gxh6 16. Qxc4
dxc4 17. Nd2 Rc8 18. Na4 c3 19. Nb6+ Kd8 20. Ne4 Rc7 21. Nd6
Nf5 22. Nxf5 Bxa3 23. Rc2 exf5 24. Ke2 f6 25. Nd5 Rd7 26. Nxf6
Rxd4 27. Rxc3 Bb4 28. Rd3 Rxd3 29. Kxd3 Ke7 30. Nd5+ Ke6
31. Nxb4 axb4 32. Rb1 Kxe5 33. Rxb4 Rd8+ 34. Ke3 Rd5 35. b6
Ra5 36. f4+ Kd5 37. Rd4+ Kc5 38. Rd7 Ra3+ 39. Kf2 Kxb6
40. Rxh7 Rb3 41. Rxh6+ Kc5 42. Rf6 Kd4 43. Rxf5 Ke4 44. Rf8 b5
45. h4 b4 46. h5 Rb1 47. Kg3 b3 48. Rb8 b2 49. h6 Kf5 50. h7
Rh1 51. Rxb2 Rxh7 52. Rb5+ Kf6 53. Kf3 Ra7 54. Rb6+ Kg7
55. Kg4 Rf7 56. Kg5 Kh7 57. g4 Rg7+ 58. Kh5 Rd7 59. f5 Kg7
60. Rg6+ Kf7 61. Kg5 Rb7 62. Rc6 Kg7 63. Kh5 Rf7 64. f6+ Rxf6
65. Rxf6 Kxf6 66. Kh6 1-0

[Event "FIDE Online Olympiad"]
[Site "Chess.com"]
[Date "2020.08.23"]
[EventDate "2020.08.21"]
[Round "8"]
[Result "1-0"]
[White "Sabrina Vega Gutierrez"]
[Black "Ticia Gara"]
[WhiteElo "2243"]
[BlackElo "2274"]
[Source "Chess-Results"]
[PlyCount "105"]

1. e4 c5 2. Nf3 d6 3. d4 cxd4 4. Nxd4 Nf6 5. Nc3 Nc6 6. Bg5 e6
7. Qd2 Be7 8. O-O-O Nxd4 9. Qxd4 a6 10. f4 b5 11. Bxf6 gxf6
12. Be2 Qa5 13. Bf3 Rb8 14. Kb1 b4 15. Ne2 Qb6 16. g4 Qxd4
17. Nxd4 Bb7 18. f5 Kd7 19. fxe6+ fxe6 20. g5 fxg5 21. Bg4
Bxe4 22. Bxe6+ Kc7 23. Rhe1 d5 24. Bxd5 Bxd5 25. Rxe7+ Kb6
26. Ne6 Bxe6 27. Rxe6+ Ka7 28. Rdd6 Rhf8 29. Rxa6+ Kb7 30. b3
h5 31. Ra5 Rf1+ 32. Kb2 Rf2 33. Re7+ Kb6 34. Rxg5 Rc8 35. Rg6+
Rc6 36. Rxc6+ Kxc6 37. Re4 Rxh2 38. Rxb4 h4 39. a4 h3 40. Rh4
Rh1 41. Rh6+ Kc5 42. Kc3 Kd5 43. a5 h2 44. Kb4 Kd4 45. Kb5 Kc3
46. Kb6 Kxc2 47. b4 Kc3 48. b5 Kc4 49. a6 Rb1 50. Rh4+ Kd5
51. Rxh2 Kc4 52. Rc2+ Kd5 53. a7 1-0

[Event "FIDE Online Olympiad"]
[Site "Chess.com"]
[Date "2020.08.23"]
[EventDate "2020.08.21"]
[Round "8"]
[Result "1-0"]
[White "Anuar Ismagambetov"]
[Black "Roberto N de Abreu"]
[WhiteElo "2484"]
[BlackElo "2066"]
[Source "Chess-Results"]
[PlyCount "123"]

1. e4 c5 2. Nf3 Nc6 3. d4 cxd4 4. Nxd4 Nf6 5. Nc3 e5 6. Ndb5
d6 7. Bg5 a6 8. Na3 b5 9. Nd5 Be7 10. Bxf6 Bxf6 11. c4 b4
12. Nc2 O-O 13. g3 Be6 14. Bg2 Bxd5 15. Qxd5 Qa5 16. O-O Qc5
17. Rad1 Nd4 18. Nxd4 exd4 19. e5 Bxe5 20. Qxc5 dxc5 21. Bxa8
Rxa8 22. f4 Bf6 23. Kf2 a5 24. Kf3 a4 25. Rf2 Kf8 26. Re2 a3
27. b3 Rd8 28. g4 h6 29. Ke4 Be7 30. Kd3 Bd6 31. Rf1 Bc7
32. h4 f5 33. gxf5 Kf7 34. Re6 Bd6 35. h5 Rd7 36. Rf2 Rd8
37. Rf3 Rd7 38. Ke4 Rd8 39. Rd3 Be7 40. Rd2 Bf6 41. Kd3 Be7
42. Rc6 Bd6 43. Re2 Rd7 44. Re6 Be7 45. Re5 Bf8 46. Rce6 Be7
47. Rc6 Bf8 48. Rc8 Be7 49. Rd5 Ra7 50. Rc6 Rb7 51. Ke4 Bf8
52. Rd8 Be7 53. Rdc8 Ra7 54. R8c7 Rxc7 55. Rxc7 Kf8 56. Ke5
Kf7 57. Rd7 Ke8 58. Ke6 Bf6 59. Rd5 Be7 60. f6 gxf6 61. f5 Bd8
62. Rxc5 1-0

[Event "FIDE Online Olympiad"]
[Site "Chess.com"]
[Date "2020.08.23"]
[EventDate "2020.08.21"]
[Round "8"]
[Result "1-0"]
[White "Assel Serikbay"]
[Black "Sonia Modi"]
[WhiteElo "2075"]
[BlackElo "1959"]
[Source "Chess-Results"]
[PlyCount "49"]

1. d4 Nf6 2. c4 e6 3. g3 Bb4+ 4. Bd2 Qe7 5. Nf3 O-O 6. Bg2
Bxd2+ 7. Nbxd2 Nc6 8. O-O d5 9. Qc2 Nb4 10. Qb1 c5 11. a3 Nc6
12. dxc5 Qxc5 13. b4 Qd6 14. e4 dxe4 15. Nxe4 Nxe4 16. Qxe4 f5
17. Qe3 e5 18. Rad1 Qf6 19. b5 f4 20. Qc5 Nd4 21. Nxd4 exd4
22. Bd5+ Kh8 23. Rxd4 b6 24. Qb4 Qxd4 25. Qxf8# 1-0

[Event "FIDE Online Olympiad"]
[Site "Chess.com"]
[Date "2020.08.23"]
[EventDate "2020.08.21"]
[Round "8"]
[Result "1-0"]
[White "Anton Korobov"]
[Black "Lubomir Ftacnik"]
[WhiteElo "2794"]
[BlackElo "2499"]
[Source "Chess-Results"]
[PlyCount "63"]

1. d4 Nf6 2. c4 g6 3. Nc3 d5 4. cxd5 Nxd5 5. e4 Nxc3 6. bxc3
Bg7 7. Bc4 c5 8. Ne2 Nc6 9. Be3 O-O 10. O-O Bd7 11. Rb1 cxd4
12. cxd4 Rc8 13. Bd3 Na5 14. d5 b6 15. Ba6 Rc7 16. Bf4 Rc5
17. Qd3 Bc8 18. Rfc1 Nb7 19. Bxb7 Rxc1+ 20. Rxc1 Bxb7 21. Rc7
Ba8 22. Rxa7 f5 23. d6 exd6 24. Bxd6 Re8 25. Qb3+ Kh8 26. Qf7
Rg8 27. e5 Qg5 28. Qxg8+ Kxg8 29. Rxa8+ Kf7 30. Nf4 Bf6
31. Rf8+ Kg7 32. Ne6+ 1-0

[Event "FIDE Online Olympiad"]
[Site "Chess.com"]
[Date "2020.08.23"]
[EventDate "2020.08.21"]
[Round "8"]
[Result "1-0"]
[White "Viktor Matviishen"]
[Black "Samir Sahidi"]
[WhiteElo "2430"]
[BlackElo "2380"]
[Source "Chess-Results"]
[PlyCount "79"]

1. d4 Nf6 2. c4 e6 3. g3 d5 4. Nf3 b6 5. Bg2 Bb7 6. O-O Nbd7
7. cxd5 Nxd5 8. a3 Be7 9. b4 O-O 10. Bb2 c5 11. e4 N5f6 12. e5
Nd5 13. dxc5 bxc5 14. bxc5 Ba6 15. Re1 Nxc5 16. Bd4 Rc8
17. Nbd2 Nd3 18. Re4 Qc7 19. Qa4 Bb7 20. Qb5 Nc5 21. Bxc5 Bxc5
22. Rc4 Nb6 23. Rcc1 Qd7 24. Rxc5 Rxc5 25. Qxc5 Rc8 26. Qd6
Qa4 27. Qe7 Bd5 28. Ng5 Rf8 29. Qb4 Qc2 30. Be4 Bxe4 31. Qxe4
Rc8 32. Qxc2 Rxc2 33. Nge4 h6 34. Kf1 Nd5 35. Ke2 a5 36. Kd3
Rb2 37. Nc4 Rb5 38. Kc2 a4 39. Rb1 Rxb1 40. Kxb1 1-0

[Event "FIDE Online Olympiad"]
[Site "Chess.com"]
[Date "2020.08.23"]
[EventDate "2020.08.21"]
[Round "9"]
[Result "1-0"]
[White "Benjamin Bok"]
[Black "Eva Repkova"]
[WhiteElo "2626"]
[BlackElo "2358"]
[Source "Chess-Results"]
[PlyCount "121"]

1. d4 e6 2. Nf3 Nf6 3. c4 d5 4. Nc3 c5 5. cxd5 cxd4 6. Qxd4
exd5 7. e4 Nc6 8. Bb5 dxe4 9. Qxd8+ Kxd8 10. Ng5 Be6 11. Nxe6+
fxe6 12. Bxc6 bxc6 13. Ke2 Bb4 14. Na4 Nd5 15. Be3 Rf8
16. Rac1 Kd7 17. Rc4 Rab8 18. Rhc1 Bd6 19. Rxc6 Nxe3 20. fxe3
Bxh2 21. Ra6 Bg3 22. Nc5+ Ke8 23. Rxe6+ Kf7 24. Rf1+ Kg8
25. Rxf8+ Kxf8 26. b3 Rc8 27. Nxe4 Bh4 28. Ra6 Rc2+ 29. Kf3
Rc7 30. b4 h5 31. b5 g5 32. Rh6 Rf7+ 33. Ke2 Re7 34. Nd6 Re5
35. Rxh5 Kg7 36. g4 Kg8 37. a4 Rc5 38. Kf3 Rc1 39. Nf5 Rf1+
40. Ke4 Rg1 41. Nxh4 Rxg4+ 42. Kf3 Rxa4 43. Rxg5+ Kf7 44. Ng2
Ra5 45. Kf4 Kf6 46. e4 Ra2 47. Rf5+ Ke6 48. Nh4 Rf2+ 49. Nf3
Rf1 50. Rh5 Kd6 51. Rd5+ Ke6 52. Rc5 Kd6 53. Rc6+ Kd7 54. Ra6
Rb1 55. Nd4 Rb4 56. Ke5 Kc7 57. Kd5 Kb7 58. Rxa7+ Kb6 59. Ra6+
Kb7 60. Rh6 Rb1 61. e5 1-0

[Event "FIDE Online Olympiad"]
[Site "Chess.com"]
[Date "2020.08.23"]
[EventDate "2020.08.21"]
[Round "9"]
[Result "1-0"]
[White "Julia Movsesian"]
[Black "Anne Haast"]
[WhiteElo "2271"]
[BlackElo "2318"]
[Source "Chess-Results"]
[PlyCount "69"]

1. e4 c5 2. Nf3 e6 3. g3 d5 4. exd5 Qxd5 5. Bg2 Nc6 6. O-O Qd8
7. Na3 Nf6 8. b3 Be7 9. Bb2 O-O 10. Nc4 Nd5 11. d4 cxd4
12. Nxd4 Nxd4 13. Bxd4 Bf6 14. Bxf6 Qxf6 15. Nd6 Rd8 16. Ne4
Qe7 17. Qf3 Bd7 18. c4 Nb4 19. Qc3 f5 20. Ng5 Bc6 21. Nxe6 Rd3
22. Qe1 Bxg2 23. Kxg2 Qd6 24. Nf4 Rd2 25. Rd1 Qc6+ 26. Kg1
Rxd1 27. Qxd1 a5 28. Re1 Re8 29. a3 Rxe1+ 30. Qxe1 Nc2
31. Qxa5 Qf6 32. Qa8+ Kf7 33. Qxb7+ Kf8 34. Qd7 Nd4 35. Qxd4
1-0

[Event "FIDE Online Olympiad"]
[Site "Chess.com"]
[Date "2020.08.23"]
[EventDate "2020.08.21"]
[Round "9"]
[Result "1-0"]
[White "Rosa Ratsma"]
[Black "Veronika Maslikova"]
[WhiteElo "2306"]
[BlackElo "2230"]
[Source "Chess-Results"]
[PlyCount "181"]

1. e4 c5 2. Nf3 e6 3. d4 cxd4 4. Nxd4 a6 5. Bd3 Qc7 6. O-O Nf6
7. Qe2 d6 8. c4 Be7 9. Nc3 Nbd7 10. f4 O-O 11. Be3 b6 12. Rac1
Bb7 13. b4 Rac8 14. g4 Qd8 15. g5 Ne8 16. h4 e5 17. Nf5 exf4
18. Bxf4 Ne5 19. Nd5 Bxd5 20. exd5 f6 21. Nd4 Nc7 22. Bf5 fxg5
23. Bxe5 dxe5 24. Nc6 Qd6 25. Bxc8 Rxc8 26. Qxe5 Qxe5 27. Nxe5
Bxb4 28. hxg5 Bd6 29. Nc6 b5 30. c5 Bf8 31. d6 Ne6 32. Ne7+
Bxe7 33. dxe7 Re8 34. Rfe1 Rxe7 35. c6 Kf7 36. Rc3 Rc7 37. Rd1
Nxg5 38. Rd8 Ne6 39. Ra8 a5 40. Rxa5 Nd4 41. Rd3 Nxc6 42. Rxb5
Ne7 43. a4 Ra7 44. Ra3 Ke6 45. a5 Kd7 46. a6 Nc6 47. Rb1 Kc7
48. Rc1 Kd7 49. Rc2 Nb8 50. Rg2 Rxa6 51. Rxg7+ Ke6 52. Rb3 Nc6
53. Rxh7 Ra1+ 54. Kg2 Ra2+ 55. Kg3 Ne5 56. Rb6+ Kd5 57. Rb5+
Ke4 58. Rh4+ Kf5 59. Rh5+ Kg6 60. Rhxe5 Ra3+ 61. Kf4 Ra4+
62. Re4 Ra1 63. Re6+ Kf7 64. Rc6 Rf1+ 65. Ke3 Re1+ 66. Kd2 Re7
67. Rbc5 Rd7+ 68. Kc3 Rd1 69. Kc2 Rd8 70. Rb6 Rd7 71. Kb3 Ke7
72. Kc4 Ra7 73. Kd5 Rd7+ 74. Ke5 Ra7 75. Rh6 Ra1 76. Rc7+ Kd8
77. Rg7 Ra5+ 78. Kf6 Ra6+ 79. Kg5 Ra5+ 80. Kg6 Ra6+ 81. Kh7
Ra1 82. Kg8 Rb1 83. Rh8 Re1 84. Kf7+ Kd7 85. Rh6 Rf1+ 86. Kg8+
Ke8 87. Ra6 Rd1 88. Ra8+ Rd8 89. Rxd8+ Kxd8 90. Kh7 Ke8
91. Kg6 1-0

[Event "FIDE Online Olympiad"]
[Site "Chess.com"]
[Date "2020.08.23"]
[EventDate "2020.08.21"]
[Round "9"]
[Result "1-0"]
[White "Eline Roebers"]
[Black "Dominika Ferkova"]
[WhiteElo "2066"]
[BlackElo "1820"]
[Source "Chess-Results"]
[PlyCount "41"]

1. e4 c6 2. Nf3 d5 3. Nc3 Bg4 4. h3 Bxf3 5. Qxf3 e6 6. d4 dxe4
7. Nxe4 Nd7 8. Bd3 Ngf6 9. O-O Nxe4 10. Bxe4 Nf6 11. Bg5 Qxd4
12. Bxc6+ bxc6 13. Qxc6+ Qd7 14. Qxa8+ Qd8 15. Qxa7 Qd7
16. Qa8+ Qd8 17. Qxd8+ Kxd8 18. Rfd1+ Kc8 19. Bxf6 gxf6
20. Rd3 Bc5 21. Rc3 1-0

[Event "FIDE Online Olympiad"]
[Site "Chess.com"]
[Date "2020.08.23"]
[EventDate "2020.08.21"]
[Round "9"]
[Result "1-0"]
[White "Rinat Jumabayev"]
[Black "Anton Korobov"]
[WhiteElo "2562"]
[BlackElo "2794"]
[Source "Chess-Results"]
[PlyCount "137"]

1. d4 d5 2. c4 c6 3. Nf3 Nf6 4. Qb3 e6 5. Bg5 h6 6. Bh4 a5
7. a3 Nbd7 8. e3 Be7 9. Nc3 O-O 10. Qc2 b6 11. cxd5 exd5
12. Bd3 Re8 13. O-O Bb7 14. Rad1 b5 15. h3 Rc8 16. Qb1 b4
17. axb4 axb4 18. Ne2 Qb6 19. Bf5 Rcd8 20. Rfe1 c5 21. Bxd7
Rxd7 22. Ne5 Rdd8 23. dxc5 Qxc5 24. Nd4 Qc7 25. Nd3 Qb6
26. Rc1 Bf8 27. Qc2 Rc8 28. Qa4 Ne4 29. f3 Nd2 30. Rxc8 Rxc8
31. Ne5 Qc7 32. Nd3 Ra8 33. Qd1 Nc4 34. b3 Na3 35. Qd2 Qc3
36. Rd1 Ba6 37. Be1 Qxd2 38. Rxd2 Rc8 39. Nf4 Rc1 40. Kf2 Bb7
41. Rb2 Rd1 42. Ke2 Ra1 43. Kf2 Be7 44. Nd3 Ba6 45. Bxb4 Bh4+
46. g3 Bxd3 47. gxh4 Nb5 48. Nxb5 Bxb5 49. Bc5 Rf1+ 50. Kg2
Rc1 51. Bd4 Bd3 52. b4 Bb5 53. Ra2 Rb1 54. Bc5 h5 55. Kg3 f6
56. Ra8+ Kf7 57. Ra7+ Kg8 58. Rb7 Bd3 59. Bd4 Rg1+ 60. Kf2
Rf1+ 61. Kg2 Rb1 62. Kg3 Rf1 63. b5 Be2 64. Kg2 Rb1 65. b6 Ba6
66. Ra7 Bc4 67. b7 Kh7 68. Bxf6 d4 69. Be5 1-0

[Event "FIDE Online Olympiad"]
[Site "Chess.com"]
[Date "2020.08.23"]
[EventDate "2020.08.21"]
[Round "9"]
[Result "1-0"]
[White "Bibisara Assaubayeva"]
[Black "Iulija Osmak"]
[WhiteElo "2321"]
[BlackElo "2356"]
[Source "Chess-Results"]
[PlyCount "89"]

1. Nf3 e6 2. g3 Nf6 3. Bg2 d5 4. d4 Be7 5. O-O O-O 6. c4 c6
7. Qc2 b6 8. Nbd2 Bb7 9. e4 Na6 10. e5 Nd7 11. cxd5 Nb4
12. Qb3 cxd5 13. a3 Nc6 14. Qe3 a5 15. h4 a4 16. h5 h6 17. Nh2
Ba6 18. Re1 Re8 19. Ng4 Bf8 20. Kh2 b5 21. f4 Ne7 22. Nf3 Nb6
23. Qf2 Nf5 24. Ne3 Nxe3 25. Bxe3 b4 26. g4 bxa3 27. bxa3 Bd3
28. g5 Nc4 29. gxh6 gxh6 30. Bh3 Bg7 31. f5 exf5 32. Rg1 Kh8
33. Rxg7 Kxg7 34. Rg1+ Kh8 35. Bxh6 Rg8 36. Bg5 Rxg5 37. Nxg5
Qd7 38. Qg3 Be2 39. Ne4 Bg4 40. Nf6 Qc8 41. Qf4 Qf8 42. Bxg4
fxg4 43. Rxg4 Rb8 44. Rg8+ Qxg8 45. Qh6+ 1-0

[Event "FIDE Online Olympiad"]
[Site "Chess.com"]
[Date "2020.08.23"]
[EventDate "2020.08.21"]
[Round "9"]
[Result "1-0"]
[White "Mariia Berdnyk"]
[Black "Assel Serikbay"]
[WhiteElo "2169"]
[BlackElo "2075"]
[Source "Chess-Results"]
[PlyCount "117"]

1. d4 d5 2. c4 c6 3. Nf3 Nf6 4. Qc2 g6 5. Bf4 Bg7 6. e3 Bf5
7. Qb3 Qc8 8. Nc3 O-O 9. Rc1 dxc4 10. Bxc4 Nbd7 11. Bxf7+ Rxf7
12. Ng5 e6 13. Nxf7 Kxf7 14. Nb5 Ne8 15. f3 g5 16. Bxg5 a6
17. Nc3 b5 18. O-O Nd6 19. Ne4 Nc4 20. Rxc4 bxc4 21. Nd6+ Kg8
22. Qxc4 Qf8 23. Qxc6 Nf6 24. Nxf5 exf5 25. Bxf6 Bxf6 26. Qd5+
Kh8 27. Qxf5 Rc8 28. Kh1 Bg7 29. Qd3 Qd6 30. Rd1 Rb8 31. b3
Rc8 32. e4 Qxd4 33. Qxd4 Bxd4 34. g3 Bb2 35. Rd2 Bc1 36. Rd6
a5 37. Rd5 Ra8 38. a4 Rb8 39. Rb5 Rxb5 40. axb5 Be3 41. f4 Kg7
42. Kg2 Kf6 43. Kf3 Bb6 44. e5+ Kf5 45. g4+ Ke6 46. Ke4 Bg1
47. h3 Bb6 48. f5+ Ke7 49. Kd5 Be3 50. Kc6 Bf4 51. e6 Bh6
52. b6 Bf4 53. h4 h6 54. b7 Bg3 55. g5 hxg5 56. h5 Be5 57. h6
Kf6 58. h7 Kg7 59. e7 1-0